<?xml version="1.0" encoding="UTF-8"?><?xml-stylesheet type="text/xsl" href="static/style.xsl"?><OAI-PMH xmlns="http://www.openarchives.org/OAI/2.0/" xmlns:xsi="http://www.w3.org/2001/XMLSchema-instance" xsi:schemaLocation="http://www.openarchives.org/OAI/2.0/ http://www.openarchives.org/OAI/2.0/OAI-PMH.xsd"><responseDate>2026-04-19T06:34:57Z</responseDate><request verb="GetRecord" identifier="oai:riubu.ubu.es:10259/5423" metadataPrefix="marc">https://riubu.ubu.es/oai/request</request><GetRecord><record><header><identifier>oai:riubu.ubu.es:10259/5423</identifier><datestamp>2021-11-02T12:35:43Z</datestamp><setSpec>com_10259_2699</setSpec><setSpec>col_10259_2705</setSpec></header><metadata><record xmlns="http://www.loc.gov/MARC21/slim" xmlns:doc="http://www.lyncode.com/xoai" xmlns:xsi="http://www.w3.org/2001/XMLSchema-instance" xmlns:dcterms="http://purl.org/dc/terms/" xsi:schemaLocation="http://www.loc.gov/MARC21/slim http://www.loc.gov/standards/marcxml/schema/MARC21slim.xsd">
<leader>00925njm 22002777a 4500</leader>
<datafield tag="042" ind1=" " ind2=" ">
<subfield code="a">dc</subfield>
</datafield>
<datafield tag="720" ind1=" " ind2=" ">
<subfield code="a">Illera Miguel, Paula</subfield>
<subfield code="e">author</subfield>
</datafield>
<datafield tag="260" ind1=" " ind2=" ">
<subfield code="c">2020</subfield>
</datafield>
<datafield tag="520" ind1=" " ind2=" ">
<subfield code="a">En esta tesis doctoral, se busca construir un diálogo, establecer una relación entre los mensajes emitidos por la prensa segregada en función del género (las revistas Woman o Men’s Health) y los nuevos canales de televisión especializados (Nova o Energy). Para ello, acudimos a los propios medios, tanto escritos como audiovisuales, recabando una muestra que nos permitirá, finalmente, enfrentar ambos soportes y destapar las posibles diferencias y similitudes en cuanto a las representaciones que prensa y televisión hacen de mujeres y hombres.&#xd;
De forma paralela, se explorará tanto la teoría feminista como mediática, con el fin de crear una red que contextualice y dé sentido, en última instancia, a los resultados de la muestra. Nuestro análisis permitirá, pues, cuestionar las representaciones de la feminidad y la masculinidad, reflexionar sobre la retroalimentación y evolución del discurso mediático y abordar las consecuencias sociales del mismo.</subfield>
</datafield>
<datafield tag="520" ind1=" " ind2=" ">
<subfield code="a">In this doctoral thesis, we seek to build a dialogue, establish a relationship between the messages issued by the segregated press according to gender (Men’s Health or Woman) and the new specialized television channelsn (Nova or Energy). For this, we will go to the media, both written and audio-visual, collecting a sample that allows us, finally, will face both media.&#xd;
In parallel, he will explore both feminist and medical theory, in order to create a network that contextualizes and ultimately makes sense of the results of the sample. Our analysis evaluated, then, to question the representations of femininity and masculinity, to reflect on the feedback and evolution of media discourse and to address the social consequences of it.</subfield>
</datafield>
<datafield tag="024" ind2=" " ind1="8">
<subfield code="a">http://hdl.handle.net/10259/5423</subfield>
</datafield>
<datafield tag="024" ind2=" " ind1="8">
<subfield code="a">10.36443/10259/5423</subfield>
</datafield>
<datafield ind1=" " ind2=" " tag="653">
<subfield code="a">Prensa femenina y masculina</subfield>
</datafield>
<datafield ind1=" " ind2=" " tag="653">
<subfield code="a">Revistas de estilo de vida</subfield>
</datafield>
<datafield ind1=" " ind2=" " tag="653">
<subfield code="a">Canales de televisión especializados</subfield>
</datafield>
<datafield ind1=" " ind2=" " tag="653">
<subfield code="a">Estudios feministas</subfield>
</datafield>
<datafield ind1=" " ind2=" " tag="653">
<subfield code="a">Feminismo</subfield>
</datafield>
<datafield ind1=" " ind2=" " tag="653">
<subfield code="a">Female and male press</subfield>
</datafield>
<datafield ind1=" " ind2=" " tag="653">
<subfield code="a">Lifestyle magazines</subfield>
</datafield>
<datafield ind1=" " ind2=" " tag="653">
<subfield code="a">Specialized television channels</subfield>
</datafield>
<datafield ind1=" " ind2=" " tag="653">
<subfield code="a">Feminist studies</subfield>
</datafield>
<datafield ind1=" " ind2=" " tag="653">
<subfield code="a">Feminism</subfield>
</datafield>
<datafield tag="245" ind1="0" ind2="0">
<subfield code="a">Contenidos mediáticos en función del género: de la prensa segregada a los canales de televisión especializados</subfield>
</datafield>
</record></metadata></record></GetRecord></OAI-PMH>